Statistics for FIFA 23 RANDOM PLAYERS COUNTRY QUIZ #20

Click here to take the quiz!

General Stats

  • This quiz has been taken 15 times
  • The average score is 13 of 20

Answer Stats

HintAnswer% Correct
SócratesBrazil
92%
Marcus RashfordEngland
92%
Kasper SchmeichelDenmark
85%
Johan CruyffNetherlands
85%
Sami Al-JaberSaudi Arabia
85%
Dušan TadićSerbia
85%
Chancel MbembaCongo DR
77%
Ledley KingEngland
77%
Dani OlmoSpain
77%
Alphonse AreolaFrance
69%
Theo HernándezFrance
69%
David McGoldrickIreland
69%
Téji SavanierFrance
62%
Stephan El ShaarawyItaly
62%
ParejoSpain
62%
Dávid HanckoSlovakia
54%
Yunus MalliTurkey
38%
Lucas RobertoneArgentina
31%
Andrei ArteanRomania
31%
Marc GualSpain
31%

Score Distribution

Percentile by Number Answered

Percent of People with Each Score

Your Score History

You have not taken this quiz